Kendall's advanced theory of statistics : (Record no. 4422)

MARC details
000 -LEADER
fixed length control field 00744nam a22002292 4500
001 - CONTROL NUMBER
control field 0000023728
005 - DATE AND TIME OF LATEST TRANSACTION
control field 20151217145943.0
008 - FIXED-LENGTH DATA ELEMENTS--GENERAL INFORMATION
fixed length control field 130320s xx 000 0 eng d
020 ## - INTERNATIONAL STANDARD BOOK NUMBER
International Standard Book Number 0470665305 :
040 ## - CATALOGING SOURCE
Original cataloging agency KABU
Transcribing agency KABU
100 1# - MAIN ENTRY--PERSONAL NAME
Personal name Kendall, Maurice George.
-- 0000183391
245 10 - TITLE STATEMENT
Title Kendall's advanced theory of statistics :
Remainder of title volume 1 Distribution theory /
Statement of responsibility, etc. Alan Stuart, J. Keith Ord.
250 ## - EDITION STATEMENT
Edition statement 6th ed.
260 ## - PUBLICATION, DISTRIBUTION, ETC. (IMPRINT)
Place of publication, distribution, etc. London :
Name of publisher, distributor, etc. Holder Education,
Date of publication, distribution, etc. 1994.
300 ## - PHYSICAL DESCRIPTION
Extent xx, 676 p.
650 #0 - SUBJECT ADDED ENTRY--TOPICAL TERM
Topical term or geographic name as entry element Mathematical statistics.
-- 0000148196
700 1# - ADDED ENTRY--PERSONAL NAME
Personal name Stuart, Alan.
-- 0000183392
700 1# - ADDED ENTRY--PERSONAL NAME
Personal name Ord, J. Keith.
-- 0000183393
852 1# - LOCATION
-- p12760 KES
908 ## - PUT COMMAND PARAMETER (RLIN)
Put command parameter 130320
950 ## - LOCAL HOLDINGS (RLIN)
-- 1
Holdings
Withdrawn status Lost status Source of classification or shelving scheme Not for loan Home library Current library Date acquired Total Checkouts Full call number Barcode Date last seen Date last checked out Price effective from Koha item type
    Library of Congress Classification   Kabarak, Main Campus Kabarak, Main Campus 17/12/2015 2 QA276 .K46 1994 v. 1 C. 1 014433 12/05/2021 26/04/2021 17/12/2015 General Collection
Designed with assistance from East African Informatics Ltd